[Event "Latschach op 29th"]
[Site "Latschach"]
[Date "2013.08.11"]
[Round "2"]
[White "Sandhoefner, Florian"]
[Black "Peisser, Manfred"]
[Result "1-0"]
[WhiteElo "2289"]
[BlackElo "2075"]
[PlyCount "95"]
[EventDate "2013.08.10"]
[EventType "swiss"]
[EventRounds "9"]
[EventCountry "AUT"]
[SourceTitle "CBM 155 Extra"]
[Source "ChessBase"]
[SourceDate "2013.08.26"]
[SourceVersion "1"]
[SourceVersionDate "2013.08.26"]
[SourceQuality "1"]

1. e4 c5 2. Nf3 e6 3. d4 cxd4 4. Nxd4 Nf6 5. Nc3 d6 6. f4 a6 7. Qf3 Qb6 8. a3 Nc6 9. Nb3 Be7 10. g4 Nd7 11. g5 Qc7 12. Be3 b5 13. h4 Bb7 14. 0-0-0 Rc8 15. Bh3 b4 16. axb4 Nxb4 17. Bd4 Na2+ 18. Kb1 Nxc3+ 19. Bxc3 Nc5 20. Nxc5 Qxc5 21. h5 Rc7 22. Rh2 e5 23. fxe5 dxe5 24. Qf5 f6 25. h6 g6 26. Qe6 Bc8 27. Qd5 Bxh3 28. Rxh3 Qxd5 29. exd5 Rd7 30. Re3 Kf7 31. gxf6 Bxf6 32. Bxe5 Re8 33. Rde1 Bxe5 34. Rxe5 Rxe5 35. Rxe5 Kf6 36. Re6+ Kf5 37. c4 g5 38. Kc2 g4 39. Kd3 Kf4 40. Rf6+ Kg5 41. Rxa6 g3 42. Ke2 Rf7 43. Ra8 Rf2+ 44. Ke3 Rxb2 45. Rg8+ Kh4 46. d6 g2 47. d7 Rb3+ 48. Ke4 1-0

[Event "Graz op"]
[Site "Graz"]
[Date "2001.??.??"]
[Round "6"]
[White "Peisser, Manfred"]
[Black "Perhinig, Robert"]
[Result "1/2-1/2"]
[WhiteElo "2113"]
[BlackElo "2191"]
[PlyCount "98"]
[EventDate "2001.09.??"]
[EventType "swiss"]
[EventRounds "9"]
[EventCountry "AUT"]
[SourceTitle "EXT 2002"]
[Source "ChessBase"]
[SourceDate "2001.11.25"]
[SourceVersion "1"]
[SourceVersionDate "2001.11.25"]
[SourceQuality "1"]

1. d4 d5 2. Nf3 c6 3. e3 g6 4. c4 Bg7 5. cxd5 cxd5 6. Nc3 Nf6 7. Bd3 0-0 8. 0-0 Nc6 9. Bd2 Re8 10. a3 e5 11. dxe5 Ng4 12. Ne2 Ncxe5 13. Nxe5 Bxe5 14. h3 Nh2 15. f4 Nxf1 16. Kxf1 Bxb2 17. Ra2 Bg7 18. Qb3 Rb8 19. Nd4 Bxd4 20. exd4 Bf5 21. Be2 Qb6 22. Qxb6 axb6 23. g4 Bd7 24. Bd3 Ra8 25. Kf2 Ra4 26. Bb4 Rea8 27. Re2 Rxa3 28. Bxa3 Rxa3 29. Rd2 b5 30. Ke2 Ra1 31. Rd1 Rxd1 32. Kxd1 h5 33. gxh5 gxh5 34. h4 Kg7 35. Kc2 Kf6 36. Kc3 Bg4 37. Kb4 Bf3 38. Kxb5 Be4 39. Be2 Kf5 40. Bxh5 f6 41. Bf7 Kxf4 42. Kc5 f5 43. Bxd5 b6+ 44. Kc4 b5+ 45. Kc5 b4 46. Bf7 Kg4 47. Kxb4 Kxh4 48. Bg6 Kg5 49. Bxf5 Kxf5 1/2-1/2

[Event "Graz op"]
[Site "Graz"]
[Date "2001.??.??"]
[Round "9"]
[White "Thieme, Steffen"]
[Black "Peisser, Manfred"]
[Result "0-1"]
[WhiteElo "2165"]
[BlackElo "2113"]
[PlyCount "101"]
[EventDate "2001.09.??"]
[EventType "swiss"]
[EventRounds "9"]
[EventCountry "AUT"]
[SourceTitle "EXT 2002"]
[Source "ChessBase"]
[SourceDate "2001.11.25"]
[SourceVersion "1"]
[SourceVersionDate "2001.11.25"]
[SourceQuality "1"]

1. d4 Nf6 2. Nf3 d5 3. Bf4 e6 4. e3 c5 5. Nbd2 Nc6 6. c3 Bd6 7. Bg5 0-0 8. Bd3 e5 9. dxe5 Nxe5 10. Nxe5 Bxe5 11. Nf3 Bd6 12. Bc2 Be7 13. Qd3 g6 14. 0-0-0 Be6 15. Bxf6 Bxf6 16. e4 dxe4 17. Qxd8 Raxd8 18. Bxe4 b5 19. Kb1 a5 20. Rd2 b4 21. cxb4 axb4 22. Rhd1 Rxd2 23. Rxd2 c4 24. Rd6 Rb8 25. Ra6 b3 26. a3 c3 27. bxc3 Bxc3 28. Rc6 Bf6 29. h4 Rb5 30. Ng5 Ra5 31. Nxe6 fxe6 32. Rc8+ Kg7 33. Ra8 Rc5 34. Ra7+ Kh6 35. Ra6 b2 36. Bc2 Re5 37. g4 Re1+ 38. Ka2 Ra1+ 39. Kb3 b1Q+ 40. Bxb1 Rxb1+ 41. Kc2 Rb2+ 42. Kc1 Rxf2 43. g5+ Bxg5+ 44. hxg5+ Kxg5 45. Rxe6 h5 46. Kd1 Ra2 47. Re3 Kf4 48. Rb3 g5 49. Ke1 Kg4 50. Kf1 Kh4 51. Kg1 0-1

[Event "Graz op-A"]
[Site "Graz"]
[Date "1999.??.??"]
[Round "8"]
[White "Hebesberger, Thomas"]
[Black "Peisser, Manfred"]
[Result "1-0"]
[WhiteElo "2220"]
[BlackElo "2035"]
[PlyCount "59"]
[EventDate "1999.09.17"]
[EventType "swiss"]
[EventRounds "9"]
[EventCountry "AUT"]
[SourceTitle "EXT 2001"]
[Source "ChessBase"]
[SourceDate "2000.11.22"]
[SourceVersion "1"]
[SourceVersionDate "2000.11.22"]
[SourceQuality "1"]

1. c4 e6 2. Nc3 d5 3. d4 Nf6 4. Nf3 c6 5. e3 Nbd7 6. Qc2 Bd6 7. b3 0-0 8. Bb2 Re8 9. 0-0-0 Qe7 10. e4 dxe4 11. Nxe4 Nxe4 12. Qxe4 Nf6 13. Qh4 Ba3 14. Bd3 a5 15. g4 g6 16. g5 Nd7 17. Qe4 a4 18. c5 axb3 19. axb3 Nxc5 20. dxc5 Qxc5+ 21. Kb1 Bxb2 22. Kxb2 Qa3+ 23. Kc3 Qc5+ 24. Qc4 Qe7 25. Ra1 b5 26. Qd4 c5 27. Qf6 b4+ 28. Kc2 Qb7 29. Ne5 Rf8 30. Ng4 1-0

[Event "Graz op-A"]
[Site "Graz"]
[Date "1999.??.??"]
[Round "4"]
[White "Peisser, Manfred"]
[Black "Hager, Franz"]
[Result "0-1"]
[WhiteElo "2110"]
[BlackElo "2240"]
[PlyCount "124"]
[EventDate "1999.09.17"]
[EventType "swiss"]
[EventRounds "9"]
[EventCountry "AUT"]
[SourceTitle "EXT 2001"]
[Source "ChessBase"]
[SourceDate "2000.11.22"]
[SourceVersion "1"]
[SourceVersionDate "2000.11.22"]
[SourceQuality "1"]

1. d4 f5 2. g3 Nf6 3. Bg2 e6 4. Nf3 d5 5. c4 c6 6. Qc2 Bd6 7. Bf4 Bxf4 8. gxf4 0-0 9. e3 Ne4 10. Nc3 b6 11. Ne5 Ba6 12. Bxe4 fxe4 13. 0-0-0 Qd6 14. Qa4 Bb7 15. Rdg1 Nd7 16. cxd5 exd5 17. Nxe4 dxe4 18. Qb3+ Kh8 19. Nf7+ Rxf7 20. Qxf7 Rg8 21. Rg5 Bc8 22. Rhg1 Qf6 23. Qh5 Nf8 24. Qh4 g6 25. Qh6 Bf5 26. h4 Ne6 27. R5g3 Nd8 28. Qg5 Qe6 29. h5 Nf7 30. Qh4 Rg7 31. hxg6 Rxg6 32. Rxg6 Bxg6 33. Kb1 Kg7 34. Rc1 a5 35. Qg3 Nd8 36. f5 Qxf5 37. Qc7+ Nf7 38. Qxc6 Qxf2 39. Qc3 h5 40. d5+ Kh7 41. Qd4 h4 42. d6 h3 43. d7 Qh4 44. Qd2 Bf5 45. Rf1 Qg5 46. Qf2 Kg6 47. Rg1 Bg4 48. Qd2 Kh5 49. b3 Qd8 50. Qd5+ Ng5 51. Qe5 Qxd7 52. Qh8+ Qh7 53. Qe8+ Kh4 54. Qb8 Qf5 55. Qh8+ Bh5 56. Qd8 h2 57. Rh1 Qf2 58. Rc1 Qg1 59. Qxb6 h1Q 60. Rxg1 Qxg1+ 61. Kb2 Qf2+ 62. Ka3 Qd2 0-1

[Event "AUT-chT2S 9899"]
[Site "Austria"]
[Date "1998.11.21"]
[Round "3.6"]
[White "Kratschmer, Heinz"]
[Black "Peisser, Manfred"]
[Result "1/2-1/2"]
[WhiteElo "2080"]
[BlackElo "2135"]
[PlyCount "24"]
[EventDate "1998.10.??"]
[EventType "team"]
[EventRounds "11"]
[EventCountry "AUT"]
[SourceTitle "EXT 2001"]
[Source "ChessBase"]
[SourceDate "2000.11.22"]
[SourceVersion "1"]
[SourceVersionDate "2000.11.22"]
[SourceQuality "1"]

1. Nf3 d5 2. d4 c6 3. e3 Bg4 4. c4 Bxf3 5. Qxf3 Nf6 6. Nc3 e6 7. a3 Nbd7 8. g4 Bd6 9. g5 Ne4 10. Nxe4 dxe4 11. Qxe4 Qxg5 12. Bd2 Qg6 1/2-1/2

[Event "AUT-chT2S 9798"]
[Site "Austria"]
[Date "1997.10.04"]
[Round "1"]
[White "Peisser, Manfred"]
[Black "Senoner, Erich"]
[Result "0-1"]
[WhiteElo "2155"]
[BlackElo "2070"]
[PlyCount "62"]
[EventDate "1997.??.??"]
[EventType "team"]
[EventRounds "11"]
[EventCountry "AUT"]
[SourceTitle "EXT 1999"]
[Source "ChessBase"]
[SourceDate "1998.11.16"]
[SourceVersion "1"]
[SourceVersionDate "1998.11.16"]
[SourceQuality "1"]

1. d4 e5 2. d5 f5 3. e4 Nf6 4. exf5 Bc5 5. Nc3 d6 6. g4 h5 7. Be2 Nxg4 8. Bxg4 Qh4 9. Ne4 Qxg4 10. Qxg4 hxg4 11. f6 gxf6 12. Nxf6+ Kf7 13. Ne4 Na6 14. c3 Bf5 15. Ng5+ Kg6 16. Ne2 Raf8 17. Ng3 c6 18. b4 Bb6 19. dxc6 bxc6 20. a4 d5 21. Nxf5 Rxf5 22. 0-0 Rxg5 23. Bxg5 Kxg5 24. a5 Bc7 25. Rfd1 e4 26. b5 Nc5 27. Rdb1 Nd3 28. b6 Bxh2+ 29. Kf1 Bb8 30. bxa7 Bxa7 31. Kg2 Nf4+ 0-1

[Event "Graz op"]
[Site "Graz"]
[Date "1997.??.??"]
[Round "5"]
[White "Peisser, Manfred"]
[Black "Balinov, Ilia"]
[Result "0-1"]
[WhiteElo "2155"]
[BlackElo "2560"]
[PlyCount "104"]
[EventDate "1997.10.??"]
[EventType "swiss"]
[EventRounds "9"]
[EventCountry "AUT"]
[SourceTitle "EXT 2000"]
[Source "ChessBase"]
[SourceDate "1999.11.16"]
[SourceVersion "1"]
[SourceVersionDate "1999.11.16"]
[SourceQuality "1"]

1. d4 Nf6 2. Nf3 e6 3. Bg5 c5 4. c3 h6 5. Bxf6 Qxf6 6. e3 Nc6 7. Bd3 d5 8. Nbd2 Bd6 9. 0-0 cxd4 10. exd4 g5 11. Qe2 g4 12. Ne1 Qg5 13. g3 Bd7 14. f4 gxf3 15. Nexf3 Qg7 16. Rae1 0-0-0 17. b4 Rhg8 18. Kh1 Kb8 19. Ne5 Nxe5 20. dxe5 Be7 21. a3 Rc8 22. c4 Bc6 23. c5 f5 24. Bb5 Bxb5 25. Qxb5 h5 26. Qe2 h4 27. Rg1 Qh6 28. gxh4 Qxh4 29. Nf3 Qf4 30. Rgf1 Rh8 31. Qe3 Qe4 32. Qf2 Qc4 33. Qd4 Qa2 34. Qd3 d4 35. Re2 Qd5 36. Qxd4 Qc6 37. Rg2 Rcd8 38. Qe3 Qb5 39. Rfg1 Qc6 40. Rf1 Rh3 41. Rg3 Rh4 42. Kg1 f4 43. Nd4 Rxd4 44. Rg8+ Rd8 45. Rxd8+ Bxd8 46. Rxf4 Rh8 47. Rg4 Qd5 48. Qg3 Qd1+ 49. Kg2 Qd2+ 50. Kg1 Rf8 51. Rg8 Qc1+ 52. Kg2 Qf1# 0-1

[Event "Graz op"]
[Site "Graz"]
[Date "1997.??.??"]
[Round "8"]
[White "Veerman, Johan"]
[Black "Peisser, Manfred"]
[Result "1/2-1/2"]
[WhiteElo "2195"]
[BlackElo "2155"]
[PlyCount "33"]
[EventDate "1997.10.??"]
[EventType "swiss"]
[EventRounds "9"]
[EventCountry "AUT"]
[SourceTitle "EXT 2000"]
[Source "ChessBase"]
[SourceDate "1999.11.16"]
[SourceVersion "1"]
[SourceVersionDate "1999.11.16"]
[SourceQuality "1"]

1. d4 d5 2. c4 c6 3. Nf3 Nf6 4. Nc3 e6 5. e3 Nbd7 6. Qc2 Bd6 7. Be2 0-0 8. 0-0 Re8 9. b3 b6 10. e4 dxe4 11. Nxe4 Nxe4 12. Qxe4 Bb7 13. Bf4 Bxf4 14. Qxf4 c5 15. Rad1 Qb8 16. Qh4 Qc7 17. dxc5 1/2-1/2

[Event "Graz op"]
[Site "Graz"]
[Date "1996.??.??"]
[Round "?"]
[White "Baumegger, Siegfried"]
[Black "Peisser, Manfred"]
[Result "1-0"]
[WhiteElo "2265"]
[BlackElo "2205"]
[PlyCount "57"]
[EventDate "1996.06.??"]
[EventType "swiss"]
[EventRounds "9"]
[EventCountry "AUT"]
[SourceTitle "EXT 1998"]
[Source "ChessBase"]
[SourceDate "1997.11.17"]
[SourceVersion "1"]
[SourceVersionDate "1997.11.17"]
[SourceQuality "1"]

1. d4 Nf6 2. c4 e6 3. Nf3 d5 4. g3 Nbd7 5. Bg2 Be7 6. 0-0 0-0 7. Qc2 c6 8. b3 b6 9. Bb2 Bb7 10. Nbd2 Rc8 11. e4 dxe4 12. Nxe4 Nxe4 13. Qxe4 Nf6 14. Qe2 c5 15. Rad1 cxd4 16. Nxd4 Bxg2 17. Kxg2 Qc7 18. Rd3 Rfd8 19. Rfd1 a6 20. Kg1 Kh8 21. Nf3 Rxd3 22. Rxd3 Nd7 23. Ne5 Nxe5 24. Qxe5 Qxe5 25. Bxe5 Rd8 26. Rxd8+ Bxd8 27. Bd6 Kg8 28. b4 f6 29. c5 1-0

[Event "Vienna op-C"]
[Site "Vienna"]
[Date "1996.??.??"]
[Round "1"]
[White "Peisser, Manfred"]
[Black "Adensamer, Gerhard"]
[Result "1-0"]
[WhiteElo "2190"]
[BlackElo "2065"]
[PlyCount "119"]
[EventDate "1996.08.??"]
[EventType "swiss"]
[EventRounds "9"]
[EventCountry "AUT"]
[SourceTitle "EXT 2000"]
[Source "ChessBase"]
[SourceDate "1999.11.16"]
[SourceVersion "1"]
[SourceVersionDate "1999.11.16"]
[SourceQuality "1"]

1. d4 e6 2. Nf3 f5 3. Nc3 d5 4. Bg5 Nf6 5. e3 c6 6. Ne5 Bd6 7. Bd3 0-0 8. Ne2 Qc7 9. Bxf6 Rxf6 10. f4 c5 11. c3 Bd7 12. 0-0 Be8 13. Qe1 Nd7 14. Kh1 Rh6 15. Nxd7 Qxd7 16. Ng1 Bh5 17. Nf3 Bxf3 18. gxf3 Rf8 19. Rg1 Rff6 20. Qf2 Rh5 21. Rg5 Rfh6 22. Rxh5 Rxh5 23. dxc5 Bxc5 24. Qe2 Qf7 25. c4 Rh3 26. cxd5 exd5 27. Rf1 Rh6 28. e4 Qe7 29. Rc1 fxe4 30. fxe4 Rh3 31. Qc2 Re3 32. Qxc5 Qxc5 33. Rxc5 Rxd3 34. Rxd5 Re3 35. Rd8+ Kf7 36. Rd7+ Kf6 37. e5+ Kf5 38. Rxg7 Kxf4 39. Rxb7 h5 40. Kg2 h4 41. Rf7+ Kg5 42. Kf2 Rxe5 43. Rxa7 Rc5 44. Kf3 Rf5+ 45. Kg2 Rd5 46. Rf7 Rd3 47. h3 Rg3+ 48. Kh2 Rd3 49. Rf2 Rd1 50. b3 Rb1 51. Kg2 Rc1 52. Rb2 Kf4 53. b4 Rc3 54. b5 Rg3+ 55. Kh2 Rg8 56. b6 Ke5 57. a4 Kd6 58. a5 Kc6 59. a6 Rb8 60. a7 1-0

[Event "AUT-chT2S 9697"]
[Site "Austria"]
[Date "1996.??.??"]
[Round "1"]
[White "Thalmeier, Bernd"]
[Black "Peisser, Manfred"]
[Result "1-0"]
[WhiteElo "2190"]
[BlackElo "1965"]
[PlyCount "137"]
[EventDate "1996.??.??"]
[EventType "team"]
[EventRounds "11"]
[EventCountry "AUT"]
[SourceTitle "EXT 1999"]
[Source "ChessBase"]
[SourceDate "1998.11.16"]
[SourceVersion "1"]
[SourceVersionDate "1998.11.16"]
[SourceQuality "1"]

1. e4 c5 2. Nf3 e6 3. d4 cxd4 4. Nxd4 Nf6 5. Nc3 Nc6 6. Be2 Bb4 7. 0-0 Bxc3 8. bxc3 Nxe4 9. Qd3 d5 10. Ba3 Qa5 11. Nb5 a6 12. Nd6+ Nxd6 13. Bxd6 Ne7 14. Rfe1 Qd8 15. Ba3 0-0 16. c4 Re8 17. Bf3 Bd7 18. cxd5 exd5 19. Re5 Be6 20. Rae1 Nc6 21. R5e2 Qd7 22. Bb2 Bf5 23. Qxd5 Rxe2 24. Rxe2 Qxd5 25. Bxd5 Bd7 26. Rd2 Be8 27. f4 Rd8 28. c4 b5 29. cxb5 axb5 30. Bc3 b4 31. Bb2 Kf8 32. Bc1 Ne7 33. Bb3 Rc8 34. Bb2 Nc6 35. Rc2 Rd8 36. Kf2 Nd4 37. Rd2 Nc6 38. Rxd8 Nxd8 39. Bd4 Nc6 40. Bc5+ Kg8 41. Ba4 f5 42. Ke3 Kf7 43. Bb3+ Kf6 44. h4 Bd7 45. Kd3 Bc8 46. Bd5 Ba6+ 47. Kc2 Bb7 48. Kb2 h6 49. Bxb4 g5 50. Bc3+ Kg6 51. fxg5 hxg5 52. hxg5 Kxg5 53. Bd2+ Kf6 54. Bf4 Ke7 55. a4 Kd7 56. Bc4 Na5 57. Bb5+ Ke6 58. Kc3 Nc6 59. Kc4 Na7 60. Be8 Ke7 61. Bh5 Kd7 62. Kc5 Bc6 63. a5 Be4 64. Be2 Kc8 65. Kb6 Nc6 66. Ba6+ Kd8 67. Bg5+ Ne7 68. Bb7 Bd3 69. Bc6 1-0

[Event "AUT-chT2S 9596"]
[Site "Austria"]
[Date "1995.??.??"]
[Round "?"]
[White "Jancar, Ewald"]
[Black "Peisser, Manfred"]
[Result "1-0"]
[WhiteElo "2050"]
[BlackElo "2205"]
[PlyCount "47"]
[EventDate "1995.??.??"]
[EventType "team-tourn"]
[EventRounds "11"]
[EventCountry "AUT"]
[SourceTitle "EXT 1999"]
[Source "ChessBase"]
[SourceDate "1998.11.16"]
[SourceVersion "1"]
[SourceVersionDate "1998.11.16"]
[SourceQuality "1"]

1. e4 c5 2. d4 cxd4 3. Nf3 Nc6 4. Nxd4 Nf6 5. Nc3 e6 6. a3 Be7 7. Be3 d6 8. Be2 Bd7 9. 0-0 0-0 10. f4 Nxd4 11. Bxd4 Bc6 12. Bd3 Re8 13. Kh1 Nd7 14. f5 e5 15. Be3 Nf6 16. Rf3 d5 17. exd5 Nxd5 18. Nxd5 Bxd5 19. Rh3 Bg5 20. Qh5 h6 21. Rd1 Qf6 22. Bb5 Red8 23. Bxg5 Qxg5 24. Qxg5 1-0